Loading...
CIC and the third world a study in Crypto- diplomacy
| Main Author: | |
|---|---|
| Format: | Printed Book |
| Published: |
New Delhi:
Vikas Publishing House,
1981.
|
| Subjects: |
| LEADER | 00502nam a22001457a 4500 | ||
|---|---|---|---|
| 082 | |a 327.120973 |b SAT/C | ||
| 100 | |a Satish Kumar | ||
| 245 | |a CIC and the third world |b a study in Crypto- diplomacy | ||
| 260 | |a New Delhi: |b Vikas Publishing House, |c 1981. | ||
| 300 | |a 200p.: | ||
| 650 | |a cold war | ||
| 650 | |a Techni-cology | ||
| 942 | |2 ddc |c BK | ||
| 999 | |c 150021 |d 150021 | ||
| 952 | |0 0 |1 0 |4 0 |6 327_120973000000000_SAT_C |7 0 |9 160331 |a MCJ |b MCJ |c ST1 |d 2014-04-26 |i 422 |l 0 |o 327.120973 SAT/C |p MCJ422 |r 2014-06-21 |w 2014-06-21 |y BK | ||